01164 a2200193 4500003000500000005001700005040000900022082001500031100002800046245007000074260006300144300001300207505053600220600002400756650002400780942002300804999001900827952012400846NUST20221213165417.0 cNust a303.34,SMI a Smith, Perry M.950896 aTaking charge : ba practical guide for leaders /cPerry M. Smith aWashingtonbD.C. : National Defense University Pressc1986 a261,p .: aIntroduction (Page-xv), Leading (Page-1), Taking Over (Page-11), Hiring (Page-21), Coundelling Subordinates (Page-27), Firing (Page-35), Leading in Crises (Page-41), Dealing with the Down Side (Page-47), Decentralizing and Getting Feedback (Page-61), Looking at Yourself (Page-85), Dealing at Yourself (Page-85), Creating a Stragegic Vision (Page-109), Leading Internatinal Organizations (Page-117), Establishing Standards (Page-121), Organizing Priorities (Page-133), Taking Care of your People (Page-147), Wrapping Up (Page-165). aPerry M. Smith9325 aleader ship9104762 2ddccBKk303.3,SMI c184339d184339 00102ddc4070aMCSbMCScGENd2016-12-12o303.34,SMIpMCS32861r2016-12-08w2016-12-12yBKzAlmirah No.49, Shelf No.1